Chromatica Lady Gaga - Statistiques

Statistiques générales
  • Ce quiz a été pris 197 fois
  • Le résultat moyen est 14 sur 15
Statistiques - réponses
Hint Extra Hint Réponse % Correct
02 A_ _ _ _ Alice
96%
04 R_ _ _ O_ M_ Rain On Me
92%
08 9_ _ 911
91%
11 E_ _ _ _ _ Enigma
91%
09 P_ _ _ _ _ _ D_ _ _ Plastic Doll
91%
12 R_ _ _ _ _ Replay
91%
10 S_ _ _ C_ _ _ _ Sour Candy
91%
15 B_ _ _ _ _ _ Babylon
90%
01 C_ _ _ _ _ _ _ _ _ 1 Chromatica 1
90%
07 C_ _ _ _ _ _ _ _ _ 2 Chromatica 2
90%
14 S_ _ _ F_ _ _A_ _ _ _ Sine From Above
90%
13 C_ _ _ _ _ _ _ _ _ 3 Chromatica 3
89%
06 F_ _ T_ _ _ _ _ _ Fun Tonight
89%
05 F_ _ _ W_ _ _ _ Free Woman
88%
03 S_ _ _ _ _ L_ _ _ _ Stupid Love
82%
Aucun quiz correspondant
Distribution des résultats
% des personnes avec chaque résultat
Percentile par nombre de réponses
Votre historique - résultats
Vous n’avez pas pris ce quiz